Les trophées du sport - Statistiques

Statistiques générales
  • Ce quiz a été pris 60 fois
  • Le résultat moyen est 10 sur 36
Statistiques - réponses
Par images Hint Réponse % Correct
Football Coupe {du monde}
84%
Biathlon / C Globe de {cristal}
72%
Ski / C Globe de {cristal}
72%
Basket-ball Bague {NBA}
71%
Tennis / RG Internationaux de {Roland Garros}
71%
Basket-ball Trophée {NBA}
71%
Handball Championnat du {monde}
64%
Rugby à XIII Coupe du {monde}
64%
Rugby France / B Bouclier de {Brennus}
59%
Tennis / IW Indian {Wells}
41%
Cyclisme sur route Course {Paris-Roubaix}
40%
Hockey-sur-glace / S Coupe {Stanley}
34%
Tennis / MC Tournoi de {Monte Carlo}
29%
Tennis / M Open du {Mexique}
28%
Voile / A Coupe de l'{America}
26%
Course hippique / D {Dubaï} World cup
26%
Tennis / D Open de {Dubaï}
26%
Rugby /WE Coupe {Webb Ellis}
22%
Rugby / TC Triple {couronne}
19%
Tennis / D Tournoi de {Doha}
16%
Football américain / VL Trophée {Vince-Lombardi}
14%
Tennis / A Tournoi d'{Anvers}
12%
Tennis / M Tournoi de {Madrid}
12%
Football Coupe Henri {Delaunay}
10%
Rugby / CC {Calcutta} Cup
9%
Rugby / G Trophée {Garibaldi}
7%
Surf / BB {Bells} beach
3%
Football canadien / G Coupe {Grey}
3%
Rugby / AA Trophée {Auld alliance}
3%
Baseball / C Trophée du {Commissaire}
3%
Basket-ball / N Trophy {Naismith}
3%
Golf / CJ {Claret} Jug
2%
Automobile / BW Trophée {Borg Warner}
2%
Cricket / A Trophée des {Asches}
2%
Golf / CW {Chevron world} challenge
0%
Rugby / B Trophée des {Bicentenaires}
0%
Aucun quiz correspondant
Distribution des résultats
% des personnes avec chaque résultat
Percentile par nombre de réponses
Votre historique - résultats
Vous n’avez pas pris ce quiz